<?xml version="1.0" encoding="UTF-8"?>
<record
    xmlns:xsi="http://www.w3.org/2001/XMLSchema-instance"
    xsi:schemaLocation="http://www.loc.gov/MARC21/slim http://www.loc.gov/standards/marcxml/schema/MARC21slim.xsd"
    xmlns="http://www.loc.gov/MARC21/slim">

  <leader>00431nam a22001217a 4500</leader>
  <datafield tag="040" ind1=" " ind2=" ">
    <subfield code="c">HS</subfield>
  </datafield>
  <datafield tag="082" ind1=" " ind2=" ">
    <subfield code="a">570</subfield>
  </datafield>
  <datafield tag="100" ind1=" " ind2=" ">
    <subfield code="a">DUK CHHENG &#x178C;&#x17BB;&#x1780; &#x1786;&#x17C1;&#x1784;</subfield>
  </datafield>
  <datafield tag="245" ind1=" " ind2=" ">
    <subfield code="a">&#x179C;&#x178A;&#x17D2;&#x178F;&#x1797;&#x17C1;&#x1791; &#x1793;&#x17B7;&#x1784; &#x1797;&#x17B6;&#x1796;&#x178F;&#x17C6;&#x179A;&#x17BC;&#x179C;&#x179A;&#x1794;&#x179F;&#x17CB;&#x179C;&#x17B6;</subfield>
  </datafield>
  <datafield tag="260" ind1=" " ind2=" ">
    <subfield code="a">&#x179C;&#x17B7;&#x1791;&#x17D2;&#x1799;&#x17B6;&#x179F;&#x17B6;&#x17D2;&#x1790;&#x1793;&#x1794;&#x1785;&#x17D2;&#x1785;&#x17C1;&#x1780;&#x1791;&#x17C1;&#x179F;&#x1780;&#x179F;&#x17B7;&#x1780;&#x1798;&#x17D2;&#x1798; &#x1785;&#x17C6;&#x1780;&#x17B6;&#x179A;&#x178A;&#x17BC;&#x1784;</subfield>
    <subfield code="b">DUK CHHENG &#x178C;&#x17BB;&#x1780; &#x1786;&#x17C1;&#x1784;</subfield>
    <subfield code="c">1997</subfield>
  </datafield>
  <datafield tag="300" ind1=" " ind2=" ">
    <subfield code="a">19p.</subfield>
  </datafield>
  <datafield tag="942" ind1=" " ind2=" ">
    <subfield code="c">KB</subfield>
  </datafield>
  <datafield tag="999" ind1=" " ind2=" ">
    <subfield code="c">8850</subfield>
    <subfield code="d">8850</subfield>
  </datafield>
  <datafield tag="952" ind1=" " ind2=" ">
    <subfield code="0">0</subfield>
    <subfield code="1">0</subfield>
    <subfield code="4">0</subfield>
    <subfield code="6">570_000000000000000_&#x178C;&#x17BB;&#x1780;_1994_C164</subfield>
    <subfield code="7">0</subfield>
    <subfield code="9">49818</subfield>
    <subfield code="a">LBC</subfield>
    <subfield code="b">LBC</subfield>
    <subfield code="c">C164</subfield>
    <subfield code="d">2016-08-18</subfield>
    <subfield code="o">570 &#x178C;&#x17BB;&#x1780; 1994 C164</subfield>
    <subfield code="p">RUA061879</subfield>
    <subfield code="r">2016-10-13</subfield>
    <subfield code="y">KB</subfield>
  </datafield>
  <datafield tag="952" ind1=" " ind2=" ">
    <subfield code="0">0</subfield>
    <subfield code="1">0</subfield>
    <subfield code="4">0</subfield>
    <subfield code="6">570_000000000000000_&#x178C;&#x17BB;&#x1780;_1994_C164</subfield>
    <subfield code="7">0</subfield>
    <subfield code="9">49819</subfield>
    <subfield code="a">LBC</subfield>
    <subfield code="b">LBC</subfield>
    <subfield code="c">C164</subfield>
    <subfield code="d">2016-08-18</subfield>
    <subfield code="o">570 &#x178C;&#x17BB;&#x1780; 1994 C164</subfield>
    <subfield code="p">RUA042390</subfield>
    <subfield code="r">2016-10-13</subfield>
    <subfield code="y">KB</subfield>
  </datafield>
  <datafield tag="952" ind1=" " ind2=" ">
    <subfield code="0">0</subfield>
    <subfield code="1">0</subfield>
    <subfield code="4">0</subfield>
    <subfield code="6">570_000000000000000_&#x178C;&#x17BB;&#x1780;_1994_C164</subfield>
    <subfield code="7">0</subfield>
    <subfield code="9">49821</subfield>
    <subfield code="a">LBC</subfield>
    <subfield code="b">LBC</subfield>
    <subfield code="c">C164</subfield>
    <subfield code="d">2016-08-18</subfield>
    <subfield code="o">570 &#x178C;&#x17BB;&#x1780; 1994 C164</subfield>
    <subfield code="p">RUA062612</subfield>
    <subfield code="r">2016-10-13</subfield>
    <subfield code="y">KB</subfield>
  </datafield>
  <datafield tag="952" ind1=" " ind2=" ">
    <subfield code="0">0</subfield>
    <subfield code="1">0</subfield>
    <subfield code="4">0</subfield>
    <subfield code="6">570_000000000000000_&#x178C;&#x17BB;&#x1780;_1994</subfield>
    <subfield code="7">0</subfield>
    <subfield code="9">49825</subfield>
    <subfield code="a">LBC</subfield>
    <subfield code="b">LBC</subfield>
    <subfield code="d">2016-08-18</subfield>
    <subfield code="o">570 &#x178C;&#x17BB;&#x1780; 1994</subfield>
    <subfield code="p">RUA061408</subfield>
    <subfield code="r">2016-08-18</subfield>
    <subfield code="w">2016-08-18</subfield>
    <subfield code="y">KB</subfield>
  </datafield>
  <datafield tag="952" ind1=" " ind2=" ">
    <subfield code="0">0</subfield>
    <subfield code="1">0</subfield>
    <subfield code="4">0</subfield>
    <subfield code="6">570_000000000000000_&#x178C;&#x17BB;&#x1780;_1994_C165</subfield>
    <subfield code="7">0</subfield>
    <subfield code="9">49859</subfield>
    <subfield code="a">LBC</subfield>
    <subfield code="b">LBC</subfield>
    <subfield code="c">C165</subfield>
    <subfield code="d">2016-08-18</subfield>
    <subfield code="o">570 &#x178C;&#x17BB;&#x1780; 1994 C165</subfield>
    <subfield code="p">RUA046717</subfield>
    <subfield code="r">2016-10-13</subfield>
    <subfield code="y">KB</subfield>
  </datafield>
  <datafield tag="952" ind1=" " ind2=" ">
    <subfield code="0">0</subfield>
    <subfield code="1">0</subfield>
    <subfield code="4">0</subfield>
    <subfield code="6">570_000000000000000_&#x178C;&#x17BB;&#x1780;_1994_C165</subfield>
    <subfield code="7">0</subfield>
    <subfield code="9">49860</subfield>
    <subfield code="a">LBC</subfield>
    <subfield code="b">LBC</subfield>
    <subfield code="c">C165</subfield>
    <subfield code="d">2016-08-18</subfield>
    <subfield code="o">570 &#x178C;&#x17BB;&#x1780; 1994 C165</subfield>
    <subfield code="p">RUA046916</subfield>
    <subfield code="r">2016-10-13</subfield>
    <subfield code="y">KB</subfield>
  </datafield>
</record>
